Statistiken für Die 20 meistgespielten Komponisten

Klicken Sie hier um das Quiz zu spielen!

Allgemein

  • Dieses Quiz wurde 886 mal gespielt
  • Das Durchschnittsergebnis liegt bei 7 aus 20

Antwortstatistiken

#NationalitätKomponist% Korrekt
219ÖsterreicherWolfgang Amadeus Mozart
98%
226DeutschLudwig van Beethoven
93%
61ÖsterreicherJoseph Haydn
53%
47DeutschRichard Wagner
50%
42Deutsch / BritischGeorge Frideric Handel
47%
115DeutschJohannes Brahms
43%
72DeutschRichard Strauss
41%
48ItalienischAntonio Vivaldi
39%
61TschechischAntonín Dvořák
33%
128RussischPyotr Tchaikovsky
33%
57FinnischJean Sibelius
24%
64DeutschFelix Mendelssohn Bartholdy
22%
75RussischIgor Stravinsky
21%
44BöhmeGustav Mahler
20%
57FranzösischMaurice Ravel
20%
56RussischSergei Rachmaninoff
20%
48RussischSergei Prokofiev
15%
46RussischDmitri Shostakovich
6%
47AmerikanerAaron Copland
4%
48AmerikanerSamuel Barber
3%

Verteilung der Resultate

Perzentil nach korrekt beantworteten Fragen

Anzahl Personen mit jedem Resultat

Ihre Resultats-Entwicklung

Sie haben dieses Quiz noch nicht gespielt